Crime And Punishment Quiz - Statistics

General Stats
  • This quiz has been taken 21 times
  • The average score is 4 of 10
Answer Stats
Question Answer % Correct
What amount in rubles does Luzhin falsely accuse Sonya of stealing? 100 rubles/100
72%
How many years is Raskolnikov's sentence in Siberia? 8/Eight
72%
What is the first name of Raskolnikov's friend who plans to open a publishing business? Dmitri/Razumichin/Razumikhin
67%
What is the patronymic (middle name) of the investigator Porfiry? Petrovich
61%
What is the first name of the pawnbroker's half-sister whom Raskolnikov also kills? Lizaveta
50%
What is the surname of Dunya's manipulative employer who attempts to seduce her? Svidrigajlov/Svidrigailov
44%
What is the occupation of Marmeladov before he loses his job due to alcoholism? Clerk/Civil servant
28%
What is the surname of the painter who falsely confesses to the murders? Nikolaj/Nikolai/Mikolka
22%
In what magazine does Raskolnikov publish his article about "extraordinary men"? Periodical review/Weekly review
6%
On which street does the pawnbroker Alyona Ivanovna live? Sadovaya street/Canal Embankment
0%
No matching quizzes found
Score Distribution
Percent of People with Each Score
Percentile by Number Answered
Your Score History
You have not taken this quiz